Enseñanza y ejercitación de la ortografía

Saved in:
Bibliografiske detaljer
Hovedforfatter: Ojeda, Pilar Emilia (autora)
Format: Bog
Sprog:spansk
Udgivet: Rosario Biblioteca 1973
Serier:Colección Pedagogía, 4
Fag:
Tags: Tilføj Tag
Ingen Tags, Vær først til at tagge denne postø!

MARC

LEADER 00000nam a2200000 a 4500
001 UCZ7474
003 CL-VaPUC
008 960105e19730000AG |||||||||||||||||spa|d
082 0 4 |a 372.632  |b OJE  |2 21 
100 |a Ojeda, Pilar Emilia  |e autora  |9 352366 
245 1 0 |a Enseñanza y ejercitación de la ortografía 
300 |a 178 p 
942 |c BK 
945 |d 19960105 00:00:00  |a cmena 
260 |a Rosario  |b Biblioteca  |c 1973 
650 0 |a Ortografía  |9 309144 
650 7 |a ESCRITURA FONETICA  |2 CL-VaPUC  |9 342612 
650 0 |a Métodos de enseñanza  |9 270413 
650 0 |a Ejercicios   |9 269807 
583 |a last modification  |c 20170830 09:31:16  |k Rodrigo Vera 
490 0 |a Colección Pedagogía, 4 
999 |c 243546  |d 243544